000
00331nam a2200157Ia 4500
008
240830s1940 xx 000 0 und d
041
_a
hin
082
_a
1
100
_a
DATAR V
245
_a
TDITIVRTTAM
250
_a
1
260
_a
SANGAI
_b
N.D.
_c
1940
300
_a
100p
906
_a
TDITIVRTTAM
999
_c
1183937
_d
1183937